Normal view
MARC view
Entry Personal Name
001 - CONTROL NUMBER
- control field: 16098
003 - CONTROL NUMBER IDENTIFIER
- control field: OSt
005 - DATE AND TIME OF LATEST TRANSACTION
- control field: 20220802100416.0
008 - FIXED-LENGTH DATA ELEMENTS
- fixed length control field: 220802|| aca||aabn | a|a d
040 ## - CATALOGING SOURCE
- Original cataloging agency: OSt
- Transcribing agency: OSt
100 ## - HEADING--PERSONAL NAME
- Personal name: Suhas P. Wani; Johan Rockstrรถm; K. L. Sahrawat
670 ## - SOURCE DATA FOUND
- Source citation: Work cat.: (OSt): Suhas P. Wani; Johan Rockstrรถm; K. L. Sahrawat, Integrated watershed management in rainfed agriculture, ยฉ2011
